Pokemon 4-letter Chain - Statistics

General Stats
  • This quiz has been taken 60 times
  • The average score is 21 of 24
Answer Stats
Hint Answer % Correct
Animal that Corphish,Dwebble,Paras based on Crab
100%
Type introduced in gen 2 Dark
100%
Item used to evolve Porygon2: Dubious ____ Disc
98%
Item used to evolve both Poliwhirl and Slowpoke: ____'s Rock King
98%
Prefix of these Pokemon: ____wag, ____whirl, ____wrath, ____toed Poli
98%
A Ghost type move requiring a tongue Lick
96%
Held item that prevents a Pokemon from evolving, ____stone Ever
94%
Counterpart ability to minus Plus
94%
Middle tier fishing rod: ____ Rod Good
92%
Item used to change Arceus' type to Psychic:____ Plate Mind
92%
The user creates a bizarre area in which slower Pokémon get to move first for five turns. Trick ____ Room
90%
Steel/Rock Pokemon whose final evolution can mega evolve Aron
88%
Ability that allows a Pokemon to wake from sleep earlier: Early ____ Bird
88%
Prefix of this Pokemon: ____orok Krok
88%
Move that increases defense, favoured by Pokemon with shells: With____ Draw
86%
Champion in Black and White 2 Iris
86%
Item that increases duration of heavy rain when held: ____ Rock Damp
84%
Red haired commander in Team Galactic Mars
84%
Ability that boosts a Pokemon's speed in rain: Swift ____ Swim
82%
The user and the target become friends, and the target loses its will to fight. This lowers the target's Attack stat. Play ____ Nice
80%
Male gym leader in Fuchsia City Koga
78%
Normal type move that prevents opponent from escaping whilst doing damage for 2-5 turns Wrap
78%
Prefix to these abilities: ____ Force, ____Rush, ____ Spit, ____ Stream, ____ Veil Sand
71%
The name of the fossil that revives Amaura Sail
67%
No matching quizzes found
Score Distribution
Percent of People with Each Score
Percentile by Number Answered
Your Score History
You have not taken this quiz